000 01650nam0a22003371 4500
001 v19\rc\1846191
005 20251118180057.4
035 _a(NLR Aleph) 004942683
090 _a5798008
_c5798008
100 _a20251123 rusy50
101 0 _arus
102 _aRU
105 _ay z |||||
200 1 _aЗоологические работы Мурманской биологической станции в 1904-1908 гг.
_fС. Аверинцев
210 _aЮрьев
_cтип. К. Маттисена
_d1909
215 _a35 с.
_d25
300 _aТит. л. на рус. и фр. яз.
311 _aОтт. из "Тр. И. С.-Петерб. общ-ва естествоиспытателей" т. 39, вып. 1, 1908 г., с. 288-320, 328
488 0 _12001#$aТруды Императорского санкт-петербургского общества естествоиспытателей$v1908, т. 39, вып. 1
_1215##$aС. 288-320, 328
_tТруды Императорского санкт-петербургского общества естествоиспытателей
532 1 3 _aЗоологические работы Мурманской биологической станции в 1904-1908 гг.
700 1 _aАверинцев
_bС.В.
_f1875-1957
_gСергей Васильевич
712 0 2 _aМурманская биологическая станция
801 0 _aRU
_bNLR
_gpsbo
801 0 _aRU
_bRuMoRGB
_2psbo
801 1 _aRU
_bProSoft-M
_2rusmarc
852 _aNLR
_jDesideratum
899 _aБАН
899 _aНБ СПбГУ
942 _cBOOK
980 _aNB